000 02100nam a2200373 c 4500
003 BLK
005 20250721092845.0
008 180410b bul|||||r ||||||| ||bul||
010 _aKNG00163996000
040 _aBLK
041 _aBUL
_cBUL
072 7 _2bullib
_aЯ
_xАвтографи
080 _aБългарската държава от нач. на ХХ в. до края на Първата световна война (1901-1918). Разцвет на капитализма
_b94(497.2)"1901/1918"
_x(092)
_z94(497.2)"1901/1918"(092)
080 _aЦар на България от 3 октомври 1918 г. до 28 август 1943 г.
_b929 Борис III, цар български
_x
_z929 Борис III, цар български
100 1 _aГруев, Стефан Павлов
_eпърви автор
_9374176
700 1 _aОраховац, Слава
_eпрев. от англ.
_9303387
700 _aЖечев, Тончо
_gТонев, Тончо Жечев
_eс предг. от
_9249780
139 _aГруев, Стефан Павлов
_bГ 88
245 1 0 _aКорона от тръни
_bЦаруването на Борис III 1918-1943
_cСтефан Павлов Груев; прев. от англ. Слава Ораховац; с предг. от Тончо Жечев.
257 _aBGR
260 София
_bБълг. писател
_c1991
_fОтпеч. в СССР
300 _a496 с.
_bс ил., портр.
_c20 см
380 _a9
500 _aОриг. загл. Crown of thorns. - Други прев.: Н. Бонев, Е. Силянов. - 207 000 тир. - Библиогр. с. 483-485 ; Именен показалец.
600 1 4 _aБорис III, цар български
_9245810
650 0 _aБългария - история - биографии
_9266868
650 4 _aБорис ІІІ, цар
_9270824
852 _aЦб 165511
856 4 _qpdf
_u
856 4 _qpdf
_u
942 _cKNG
_n0
_025
944 _aCR
_c28.09.2016
_k30535
_lХристина Везирева
944 _aED
_c28.09.2016
_kНора_Радева
999 _c157055
_d157055